00725nam a2200181 a 450000100100000000500170001000800410002704000250006808200160009310000430010924500620015226000490021430000200026304900090028395201140029295201200040699900170052600002215820200930011616.0100917s1976 dr 001 0 spa d aDO-SdBNPbspacBNPHU axxxxbG615g1 aGoico Castro, Manuel de Jésus92325513aLa generación del 51 /cManuel de Jésus Goico Castro. aSanto Domingo :bImprenta Compostela,c1976. a26 p. ;c22 cm. aBNPD 0010718PDaPDbPDcCTd2010-09-17iLF1l0oxxxx G615gp22158-10r2020-06-25w2020-06-25yLFPDZNo se presta 0010718PDaPDbPDcCTd2011-04-06iLF1l0oxxxx G615gp22158-20r2020-06-25te. 2w2020-06-25yLFPDZNo se presta c21656d21656